[Event "Curitiba IEP&Copel op"]
[Site "Curitiba"]
[Date "2017.05.13"]
[Round "4"]
[White "Kikuchi Cadilhac, Mariana Sawae"]
[Black "Camargo, Luca Oshiro"]
[Result "1/2-1/2"]
[WhiteElo "1535"]
[BlackElo "1802"]
[PlyCount "107"]
[EventDate "2017.05.12"]
[EventType "swiss"]
[EventRounds "6"]
[EventCountry "BRA"]
[SourceTitle "CBM 178 Extra"]
[Source "ChessBase"]
[SourceDate "2017.06.22"]
[SourceVersion "1"]
[SourceVersionDate "2017.06.22"]
[SourceQuality "1"]

1. e4 c5 2. Nc3 e6 3. g3 d5 4. d3 Nc6 5. Bg2 Nf6 6. Bg5 Be7 7. exd5 exd5 8. Rb1 d4 9. Bxf6 Bxf6 10. Ne4 Qe7 11. Qh5 Ne5 12. Qe2 Bg4 13. f3 Bf5 14. f4 Ng4 15. Nxf6+ gxf6 16. Qxe7+ Kxe7 17. Bxb7 Rab8 18. Bf3 Ne3 19. Kd2 Rhe8 20. Bc6 Rec8 21. Ba4 c4 22. Nf3 cxd3 23. cxd3 Rb4 24. Bd1 Rcb8 25. b3 Rd8 26. Re1 Kf8 27. a3 Rbb8 28. Nxd4 Ng2 29. Nxf5 Nxe1 30. Kxe1 Rxd3 31. Bc2 Re8+ 32. Kf1 Rd2 33. Bd1 Rxh2 34. Bf3 Rc2 35. a4 Rc3 36. Kg2 Rd8 37. Rd1 Rxd1 38. Bxd1 Rd3 39. Bh5 Rxb3 40. Nd6 Ra3 41. Nxf7 Rxa4 42. Nd6 a5 43. Kh3 Rb4 44. Nf5 a4 45. Ne3 a3 46. Nc2 Rb3 47. Nxa3 Rxa3 48. Bd1 Kg7 49. Kh4 Ra2 50. Kh3 Kg6 51. Bb3 Rd2 52. Be6 Re2 53. Bg4 Rf2 54. Bd7 1/2-1/2

[Event "Florianopolis op 3rd"]
[Site "Florianopolis"]
[Date "2017.01.22"]
[Round "4"]
[White "Camargo, Luca Oshiro"]
[Black "Almeida Junior, Alvaro Alves de"]
[Result "0-1"]
[WhiteElo "1742"]
[BlackElo "1959"]
[PlyCount "122"]
[EventDate "2017.01.20"]
[EventType "swiss"]
[EventRounds "10"]
[EventCountry "BRA"]
[SourceTitle "CBM 176 Extra"]
[Source "ChessBase"]
[SourceDate "2017.03.02"]
[SourceVersion "1"]
[SourceVersionDate "2017.03.02"]
[SourceQuality "1"]

1. e4 d5 2. exd5 Nf6 3. Bb5+ Bd7 4. Be2 Nxd5 5. d4 e6 6. a3 c5 7. c4 Nb6 8. dxc5 Bxc5 9. Nf3 a5 10. 0-0 0-0 11. Nc3 Qc7 12. Bg5 Bc6 13. Qc2 Bd6 14. Kh1 N8d7 15. Rfd1 a4 16. Rac1 Rfc8 17. Qd2 Bc5 18. Nd4 Bxd4 19. Qxd4 Qe5 20. Be3 Qf5 21. Qg4 Qxg4 22. Bxg4 Nxc4 23. Be2 Nxe3 24. fxe3 Nc5 25. Nb5 Ne4 26. Kg1 Rd8 27. Nd4 Bd5 28. Bb5 Nd6 29. Be2 Rac8 30. Nf3 Nf5 31. Kf2 Nd6 32. Kg1 Rxc1 33. Rxc1 Rc8 34. Rxc8+ Nxc8 35. Ne5 Nb6 36. Bb5 Bb3 37. Nd3 Nd5 38. Kf2 Nc7 39. Bd7 b5 40. Bc6 f6 41. Nc5 Bc4 42. Ne4 Kf8 43. Nd6 Bd3 44. Ne4 Ke7 45. Nc3 Kd6 46. Bf3 Na6 47. e4 Nc5 48. Ke3 Bc4 49. Kd4 Nb3+ 50. Ke3 Kc5 51. Bh5 g6 52. Bf3 Nd4 53. Bd1 Nc6 54. g3 Ne5 55. Bc2 Ng4+ 56. Kf4 Nxh2 57. e5 g5+ 58. Ke3 Ng4+ 59. Kd2 f5 60. Ke1 Nxe5 61. Kf2 Nd3+ 0-1

[Event "Florianopolis op 3rd"]
[Site "Florianopolis"]
[Date "2017.01.21"]
[Round "2"]
[White "Camargo, Luca Oshiro"]
[Black "Ramos, Angelo Bil"]
[Result "1-0"]
[WhiteElo "1742"]
[BlackElo "1989"]
[PlyCount "117"]
[EventDate "2017.01.20"]
[EventType "swiss"]
[EventRounds "10"]
[EventCountry "BRA"]
[SourceTitle "CBM 176 Extra"]
[Source "ChessBase"]
[SourceDate "2017.03.02"]
[SourceVersion "1"]
[SourceVersionDate "2017.03.02"]
[SourceQuality "1"]

1. e4 e5 2. Nf3 Nc6 3. Bc4 Nf6 4. Ng5 d5 5. exd5 Na5 6. Bb5+ c6 7. dxc6 bxc6 8. Qf3 Rb8 9. Bxc6+ Nxc6 10. Qxc6+ Bd7 11. Qc4 Qe7 12. Nc3 h6 13. Nge4 Rc8 14. Qe2 Nxe4 15. Qxe4 Bc6 16. Qg4 Qb7 17. 0-0 h5 18. Qg3 Rh6 19. d4 Rg6 20. Qxe5+ Re6 21. Qg3 Bxg2 22. Qxg2 Rg6 23. Bg5 Qxg2+ 24. Kxg2 Rxg5+ 25. Kh1 Bb4 26. Ne4 Rg4 27. f3 Rf4 28. c3 Be7 29. Rfe1 Kd7 30. Re3 h4 31. Rd1 Rb8 32. b3 Rb6 33. c4 Re6 34. d5 Ra6 35. c5 f5 36. c6+ Kc7 37. d6+ Bxd6 38. Nxd6 Rxc6 39. Nc4 Rg6 40. Re7+ Kc8 41. Nd6+ Kb8 42. Nb5 Rc6 43. Nxa7 Rc7 44. Rxc7 Kxc7 45. Nb5+ Kb6 46. Nd4 h3 47. Kg1 g6 48. Kf2 Rh4 49. b4 Rh7 50. a4 Rc7 51. a5+ Ka6 52. Ra1 Rc4 53. b5+ Ka7 54. Nc6+ Ka8 55. Rb1 f4 56. a6 Rc2+ 57. Kg1 Rg2+ 58. Kh1 Ra2 59. b6 1-0

[Event "Paulista-ch"]
[Site "Sao Paulo"]
[Date "2016.11.??"]
[Round "6"]
[White "Camargo, Luca Oshiro"]
[Black "Nobre, Jose Adalberto Barb"]
[Result "1-0"]
[WhiteElo "1707"]
[BlackElo "1650"]
[PlyCount "111"]
[EventDate "2016.11.09"]
[EventType "swiss"]
[EventRounds "6"]
[EventCountry "BRA"]
[SourceTitle "EXT 2022"]
[Source "ChessBase"]
[SourceDate "2021.10.06"]
[SourceVersion "1"]
[SourceVersionDate "2021.10.06"]
[SourceQuality "1"]

1. e4 c5 2. Nf3 Nf6 3. e5 Nd5 4. Nc3 e6 5. Be2 Nc6 6. 0-0 d6 7. d4 dxe5 8. dxe5 Nxc3 9. Qxd8+ Kxd8 10. bxc3 b6 11. Rd1+ Kc7 12. Bg5 h6 13. Be3 Bb7 14. Rd2 Be7 15. Rad1 Rad8 16. Bf1 Rxd2 17. Rxd2 Rd8 18. Rxd8 Bxd8 19. g3 Ne7 20. Bg2 Nd5 21. c4 Nb4 22. a3 Nxc2 23. Bc1 Be7 24. Nd2 Nd4 25. Bxb7 Kxb7 26. Kf1 Ka6 27. Ne4 b5 28. Nd6 f6 29. exf6 Bxf6 30. cxb5+ Nxb5 31. Ne4 Be7 32. Bb2 Nd4 33. f4 Kb5 34. Nd2 g5 35. Kf2 gxf4 36. gxf4 Bh4+ 37. Ke3 Nf5+ 38. Ke4 Be1 39. Nf3 c4 40. Nxe1 Ka4 41. Ke5 Kb3 42. Kxe6 Ne3 43. Bc1 Nc2 44. Bd2 Nd4+ 45. Kd5 c3 46. Bc1 Ne2 47. f5 Nxc1 48. f6 Ne2 49. Ke5 Ng1 50. Ke4 c2 51. Nxc2 Nh3 52. Nd4+ Kc4 53. Nf3 Nf2+ 54. Kf5 Nd1 55. f7 Ne3+ 56. Ke4 1-0

[Event "Paulista-ch"]
[Site "Sao Paulo"]
[Date "2016.11.??"]
[Round "5"]
[White "Ferreira, Caio Tulio Moreira"]
[Black "Camargo, Luca Oshiro"]
[Result "0-1"]
[WhiteElo "1407"]
[BlackElo "1707"]
[PlyCount "58"]
[EventDate "2016.11.09"]
[EventType "swiss"]
[EventRounds "6"]
[EventCountry "BRA"]
[SourceTitle "EXT 2022"]
[Source "ChessBase"]
[SourceDate "2021.10.06"]
[SourceVersion "1"]
[SourceVersionDate "2021.10.06"]
[SourceQuality "1"]

1. e4 c5 2. Nf3 a6 3. d4 cxd4 4. Nxd4 Nf6 5. f3 e5 6. Nb3 Nc6 7. c4 Bb4+ 8. Nc3 0-0 9. Bd2 Nd4 10. a3 Bxc3 11. Bxc3 Nxe4 12. fxe4 Qh4+ 13. Kd2 Qf4+ 14. Kd3 d5 15. Bxd4 dxc4+ 16. Kxc4 Be6+ 17. Kb4 exd4 18. Qxd4 Rfd8 19. Qc3 Qxe4+ 20. Bc4 Rac8 21. Nc5 a5+ 22. Kb5 Qc6+ 23. Kxa5 Qxc5+ 24. Ka4 b5+ 25. Kb3 Bxc4+ 26. Kc2 Bd3+ 27. Kb3 Qd5+ 28. Kb4 Rc4+ 29. Kb3 Ra4+ 0-1

[Event "Sao Paulo-B U2050 op 5th"]
[Site "Sao Paulo"]
[Date "2016.10.16"]
[Round "6.15"]
[White "Bonfim, Regina Rodrigues"]
[Black "Camargo, Luca Oshiro"]
[Result "1-0"]
[WhiteElo "1757"]
[BlackElo "1736"]
[PlyCount "49"]
[EventDate "2016.10.13"]
[EventType "swiss"]
[EventRounds "6"]
[EventCountry "BRA"]
[SourceTitle "EXT 2022"]
[Source "ChessBase"]
[SourceDate "2021.10.06"]
[SourceVersion "1"]
[SourceVersionDate "2021.10.06"]
[SourceQuality "1"]

1. d4 Nf6 2. c4 c5 3. d5 b5 4. cxb5 a6 5. bxa6 g6 6. Nc3 Bxa6 7. g3 Bg7 8. Bg2 d6 9. Nf3 0-0 10. 0-0 Nbd7 11. Qc2 Qb6 12. Rd1 Rfb8 13. Rb1 Ne8 14. Bg5 Ndf6 15. e4 h6 16. Bf4 Nd7 17. h4 Nc7 18. Re1 f6 19. Be3 Qb4 20. e5 f5 21. exd6 exd6 22. Bf4 Bf8 23. h5 Qc4 24. Bf1 Qb4 25. hxg6 1-0

[Event "Sao Paulo-B U2050 op 5th"]
[Site "Sao Paulo"]
[Date "2016.10.13"]
[Round "1.14"]
[White "Camargo, Luca Oshiro"]
[Black "Lisboa Torres, Eduardo"]
[Result "0-1"]
[WhiteElo "1736"]
[BlackElo "1893"]
[PlyCount "46"]
[EventDate "2016.10.13"]
[EventType "swiss"]
[EventRounds "6"]
[EventCountry "BRA"]
[SourceTitle "EXT 2022"]
[Source "ChessBase"]
[SourceDate "2021.10.06"]
[SourceVersion "1"]
[SourceVersionDate "2021.10.06"]
[SourceQuality "1"]

1. e4 c5 2. Nf3 d6 3. Bb5+ Bd7 4. Bxd7+ Qxd7 5. c4 Nf6 6. Nc3 g6 7. 0-0 Bg7 8. d4 cxd4 9. Nxd4 0-0 10. Be3 Rc8 11. Qe2 Nc6 12. Rfd1 Ng4 13. Nf3 Bxc3 14. bxc3 Nxe3 15. Qxe3 Qe6 16. Rd5 Qf6 17. Qd3 Nb4 18. Qd4 Nxd5 19. Qxd5 Qxc3 20. Rd1 Rc7 21. Ng5 Qxc4 22. Qxc4 Rxc4 23. f3 Rac8 0-1

[Event "Caioba Telecom op"]
[Site "Caioba"]
[Date "2016.08.26"]
[Round "2"]
[White "Camargo, Luca Oshiro"]
[Black "Possan, Andre Corso"]
[Result "1-0"]
[WhiteElo "1672"]
[BlackElo "1800"]
[PlyCount "89"]
[EventDate "2016.08.26"]
[EventType "swiss"]
[EventRounds "6"]
[EventCountry "BRA"]
[SourceTitle "CBM 174 Extra"]
[Source "ChessBase"]
[SourceDate "2016.10.10"]
[SourceVersion "1"]
[SourceVersionDate "2016.10.10"]
[SourceQuality "1"]

1. e4 c5 2. Nf3 d6 3. Bb5+ Bd7 4. Bxd7+ Nxd7 5. 0-0 Ngf6 6. Qe2 g6 7. c3 Bg7 8. d4 0-0 9. Rd1 b6 10. e5 dxe5 11. dxe5 Nh5 12. e6 fxe6 13. Qxe6+ Kh8 14. Rxd7 Qb8 15. Qxe7 Re8 16. Qd6 Qxd6 17. Rxd6 Be5 18. Nxe5 Rxe5 19. Be3 Nf4 20. Nd2 Nd5 21. Nf3 Rf5 22. Rd1 Nxe3 23. fxe3 Rff8 24. Rd7 a6 25. Rb7 Rfe8 26. Rdd7 Rxe3 27. Rxh7+ Kg8 28. Rbg7+ Kf8 29. Rxg6 Re2 30. Rxb6 Rd8 31. Rh8+ Ke7 32. Rb7+ Kf6 33. Rxd8 Re7 34. Rxe7 Kxe7 35. Ra8 a5 36. Rxa5 c4 37. h4 Kf7 38. Rg5 Kf6 39. h5 Kf7 40. h6 Ke7 41. h7 Kd7 42. h8Q Kd6 43. Qh6+ Ke7 44. Rg7+ Ke8 45. Qh8# 1-0

[Event "BRA-ch Amateur U1800"]
[Site "Sao Paulo"]
[Date "2016.05.28"]
[Round "6"]
[White "Camargo, Luca Oshiro"]
[Black "Da Silva, Hermes Ludovino"]
[Result "1-0"]
[WhiteElo "1645"]
[BlackElo "1447"]
[PlyCount "65"]
[EventDate "2016.05.26"]
[EventType "swiss"]
[EventRounds "7"]
[EventCountry "BRA"]
[SourceTitle "EXT 2019"]
[Source "ChessBase"]
[SourceDate "2018.10.10"]
[SourceVersion "1"]
[SourceVersionDate "2018.10.10"]
[SourceQuality "1"]

1. e4 c6 2. d4 d5 3. e5 e6 4. Nf3 c5 5. c3 c4 6. Be2 Ne7 7. Bg5 Nd7 8. Bxe7 Bxe7 9. 0-0 b6 10. Nbd2 Bb7 11. b3 b5 12. Qc2 0-0 13. b4 Re8 14. Kh1 Nf8 15. Ng1 Ng6 16. f4 Bc8 17. g3 f5 18. h4 Bxh4 19. gxh4 Qxh4+ 20. Kg2 Nxf4+ 21. Kf3 Qg4+ 22. Ke3 Ng2+ 23. Kf2 Qg6 24. Ngf3 Nf4 25. Rh1 Qg2+ 26. Ke3 Qxe2+ 27. Kxf4 h6 28. Rh2 g5+ 29. Kg3 f4+ 30. Kg4 Qd3 31. Qxd3 cxd3 32. Rh3 Re7 33. Rah1 1-0

[Event "Sao Paulo op-B U2050 4th"]
[Site "Sao Paulo"]
[Date "2016.03.27"]
[Round "6"]
[White "Camargo, Luca Oshiro"]
[Black "Queiroz, Maria Becker"]
[Result "0-1"]
[WhiteElo "1653"]
[BlackElo "1382"]
[PlyCount "76"]
[EventDate "2016.03.24"]
[EventType "swiss"]
[EventRounds "7"]
[EventCountry "BRA"]
[SourceTitle "CBM 171 Extra"]
[Source "ChessBase"]
[SourceDate "2016.04.26"]
[SourceVersion "1"]
[SourceVersionDate "2016.04.26"]
[SourceQuality "1"]

1. e4 c5 2. Nf3 e6 3. b3 Nc6 4. Bb2 a6 5. c4 d5 6. exd5 exd5 7. cxd5 Qxd5 8. Bc4 Qe4+ 9. Qe2 Qxe2+ 10. Kxe2 f6 11. Re1 b5 12. Kf1+ Kd7 13. Bd5 Nge7 14. Be6+ Kc7 15. Bxc8 Rxc8 16. Nc3 Rd8 17. Re2 Nf5 18. Rae1 Nfd4 19. Nxd4 Nxd4 20. Re8 Bd6 21. Nd5+ Kc6 22. Ne7+ Kd7 23. Rxh8 Rxh8 24. Bxd4 Bxe7 25. Bb2 Bd6 26. Re3 Re8 27. g3 Rxe3 28. dxe3 Ke6 29. f4 Kd5 30. Bc3 b4 31. Bb2 c4 32. Bd4 Bc5 33. Bxc5 Kxc5 34. Ke2 f5 35. h3 h5 36. g4 hxg4 37. hxg4 fxg4 38. e4 c3 0-1

[Event "Sao Paulo Hebraica op 23rd"]
[Site "Sao Paulo"]
[Date "2016.01.10"]
[Round "6"]
[White "Sato, Luiz Henrique Yuzo"]
[Black "Camargo, Luca Oshiro"]
[Result "0-1"]
[WhiteElo "1363"]
[BlackElo "1652"]
[PlyCount "66"]
[EventDate "2016.01.08"]
[EventType "swiss"]
[EventRounds "6"]
[EventCountry "BRA"]
[SourceTitle "CBM 170 Extra"]
[Source "ChessBase"]
[SourceDate "2016.02.25"]
[SourceVersion "1"]
[SourceVersionDate "2016.02.25"]
[SourceQuality "1"]

1. d4 d5 2. Nf3 Nc6 3. Bf4 Bg4 4. e3 f6 5. Nbd2 e5 6. dxe5 fxe5 7. Bg3 e4 8. Bh4 Be7 9. Bxe7 Ngxe7 10. h3 Bh5 11. g4 Bg6 12. Nd4 Nxd4 13. exd4 a6 14. Qe2 Nc6 15. c3 0-0 16. 0-0-0 b5 17. f4 exf3 18. Nxf3 Qd6 19. Ne5 Rae8 20. Re1 b4 21. Qxa6 bxc3 22. bxc3 Nxe5 23. Qxd6 cxd6 24. dxe5 Rxe5 25. Bg2 Be4 26. Bxe4 dxe4 27. Rhf1 Rc5 28. Kc2 d5 29. Kb3 Rb8+ 30. Kc2 d4 31. Rxe4 Rxc3+ 32. Kd2 Rb2+ 33. Ke1 Rc1# 0-1

[Event "Sao Paulo Hebraica op 23rd"]
[Site "Sao Paulo"]
[Date "2016.01.09"]
[Round "3"]
[White "Camargo, Luca Oshiro"]
[Black "Heinrichs, Vivian"]
[Result "0-1"]
[WhiteElo "1652"]
[BlackElo "1944"]
[PlyCount "78"]
[EventDate "2016.01.08"]
[EventType "swiss"]
[EventRounds "6"]
[EventCountry "BRA"]
[SourceTitle "CBM 170 Extra"]
[Source "ChessBase"]
[SourceDate "2016.02.25"]
[SourceVersion "1"]
[SourceVersionDate "2016.02.25"]
[SourceQuality "1"]

1. e4 c5 2. d4 cxd4 3. c3 Nf6 4. e5 Nd5 5. Qxd4 e6 6. Nf3 Nc6 7. Qe4 f5 8. Qe2 Qc7 9. g3 b5 10. Bg2 a5 11. 0-0 Ba6 12. Rd1 Be7 13. Bg5 0-0 14. Bxe7 Ndxe7 15. Nbd2 b4 16. c4 Ng6 17. Rac1 Rac8 18. Qe3 Ncxe5 19. c5 Ng4 20. Qd4 Nf6 21. Re1 Rfe8 22. Qd6 Qa7 23. c6 dxc6 24. Rxc6 Rxc6 25. Qxc6 Bb7 26. Qb5 Qa8 27. Qc4 Bd5 28. Qc7 Rc8 29. Qb6 Nf8 30. Re3 Ng4 31. Rd3 e5 32. Qd6 Rd8 33. Qc5 e4 34. Rxd5 Rxd5 35. Qc4 Kh8 36. Ng5 Ne5 37. Qb3 Rxd2 38. f4 exf3 39. Bxf3 Qa7+ 0-1

[Event "Sao Paulo Hebraica op 23rd"]
[Site "Sao Paulo"]
[Date "2016.01.09"]
[Round "4"]
[White "Zmetek, Marcos Simao"]
[Black "Camargo, Luca Oshiro"]
[Result "0-1"]
[WhiteElo "1389"]
[BlackElo "1652"]
[PlyCount "42"]
[EventDate "2016.01.08"]
[EventType "swiss"]
[EventRounds "6"]
[EventCountry "BRA"]
[SourceTitle "CBM 170 Extra"]
[Source "ChessBase"]
[SourceDate "2016.02.25"]
[SourceVersion "1"]
[SourceVersionDate "2016.02.25"]
[SourceQuality "1"]

1. e4 c5 2. Nf3 a6 3. d4 cxd4 4. Nxd4 Nf6 5. Nc3 e5 6. Nf3 Bb4 7. Bd2 d6 8. Bd3 Nbd7 9. a3 Bxc3 10. Bxc3 Nc5 11. Qe2 Bg4 12. 0-0 Ne6 13. h3 Nf4 14. Qe3 Bxh3 15. gxh3 Nxh3+ 16. Kh1 Ng4 17. Qe2 Nf4 18. Qe1 Qf6 19. Kg1 Qg6 20. Kh1 Qh6+ 21. Kg1 Qh3 0-1

[Event "Pan American Amateur-ch"]
[Site "Curitiba"]
[Date "2015.12.20"]
[Round "9"]
[White "Camargo, Luca Oshiro"]
[Black "Lahoz, Cassiano Ricardo Ne"]
[Result "1/2-1/2"]
[WhiteElo "1543"]
[BlackElo "1822"]
[PlyCount "60"]
[EventDate "2015.12.16"]
[EventType "swiss"]
[EventRounds "9"]
[EventCountry "BRA"]
[SourceTitle "CBM 170 Extra"]
[Source "ChessBase"]
[SourceDate "2016.02.25"]
[SourceVersion "1"]
[SourceVersionDate "2016.02.25"]
[SourceQuality "1"]

1. e4 e6 2. d4 d5 3. Nc3 dxe4 4. Nxe4 Nd7 5. Nf3 Ngf6 6. Neg5 h6 7. Nxe6 fxe6 8. Bd3 Bd6 9. Bg6+ Kf8 10. 0-0 Nd5 11. Re1 Qf6 12. Qd3 Ne7 13. Be4 g6 14. c4 c6 15. Bd2 Qf7 16. Nh4 Nf5 17. Bxf5 exf5 18. Re2 Nf6 19. Rae1 g5 20. Nxf5 Bxf5 21. Qxf5 Re8 22. Rxe8+ Nxe8 23. Rxe8+ Kxe8 24. Qc8+ Ke7 25. Qxh8 Qxc4 26. g3 Qxa2 27. Qg7+ Kd8 28. Qxb7 Qb1+ 29. Kg2 Qe4+ 30. Kg1 Qb1+ 1/2-1/2

[Event "Pan American Amateur-ch"]
[Site "Curitiba"]
[Date "2015.12.19"]
[Round "7"]
[White "Camargo, Luca Oshiro"]
[Black "Fier, Luciano dos Santos"]
[Result "0-1"]
[WhiteElo "1543"]
[BlackElo "1909"]
[PlyCount "108"]
[EventDate "2015.12.16"]
[EventType "swiss"]
[EventRounds "9"]
[EventCountry "BRA"]
[SourceTitle "CBM 170 Extra"]
[Source "ChessBase"]
[SourceDate "2016.02.25"]
[SourceVersion "1"]
[SourceVersionDate "2016.02.25"]
[SourceQuality "1"]

1. e4 c6 2. d4 d5 3. e5 Bf5 4. g4 Be4 5. f3 Bg6 6. h4 h5 7. e6 Qd6 8. exf7+ Bxf7 9. Bd3 Qg3+ 10. Kf1 hxg4 11. fxg4 Rxh4 12. Rxh4 Qxh4 13. Nc3 Nf6 14. Bf4 Qxg4 15. Qxg4 Nxg4 16. Re1 Nd7 17. Bf5 Ngf6 18. Bc7 a6 19. Nf3 g6 20. Bd3 Bh6 21. Nh4 Nf8 22. Bd6 Ng8 23. Bc5 b5 24. Nd1 Bg5 25. Nf3 Bf6 26. Nf2 Ne6 27. b4 Nxc5 28. bxc5 Nh6 29. c3 0-0-0 30. Nh3 Rf8 31. Kg1 Nf5 32. Nhg5 Be8 33. Nh7 Rg8 34. Kf2 Bd7 35. Nhg5 Nh6 36. Ke3 Bf5 37. Kd2 Bxd3 38. Kxd3 Nf5 39. Ne6 Rh8 40. Rg1 Rh3 41. Ke2 Kd7 42. Nf8+ Ke8 43. Nxg6 Ng3+ 44. Ke3 Ne4 45. Rc1 Rg3 46. Rg1 Rxg1 47. Nxg1 Nxc3 48. a3 Nb1 49. Ne2 Nxa3 50. Kd3 Nc4 51. Ngf4 Kd7 52. Kc3 e5 53. Nd3 exd4+ 54. Nxd4 a5 0-1

[Event "Matinhos Caioba-ch"]
[Site "Matinhos"]
[Date "2015.08.30"]
[Round "6"]
[White "Camargo, Luca Oshiro"]
[Black "Casarin, Luis Marcio Pinhatt"]
[Result "0-1"]
[WhiteElo "1484"]
[BlackElo "1838"]
[PlyCount "104"]
[EventDate "2015.08.28"]
[EventType "swiss"]
[EventRounds "6"]
[EventCountry "BRA"]
[SourceTitle "EXT 2016"]
[Source "ChessBase"]
[SourceDate "2015.10.08"]
[SourceVersion "1"]
[SourceVersionDate "2015.10.08"]
[SourceQuality "1"]

1. e4 c5 2. d4 cxd4 3. c3 dxc3 4. Nxc3 e6 5. Nf3 Nc6 6. Bc4 a6 7. 0-0 Qc7 8. Qe2 Be7 9. Rd1 d6 10. Bf4 Ne5 11. Bxe5 dxe5 12. Rac1 Bd7 13. Bb3 Qb8 14. Qe3 Nf6 15. Qg5 0-0 16. Nxe5 Be8 17. Nf3 Bc6 18. Nd4 Bd7 19. e5 Nd5 20. Qh5 Nf4 21. Qg4 Ng6 22. f4 Rd8 23. Nf3 Bc5+ 24. Kh1 Be3 25. Rc2 Bxf4 26. Ne4 Bc6 27. Rxd8+ Qxd8 28. Nd6 Bxe5 29. Nxe5 Qxd6 30. Nxc6 bxc6 31. Qf3 Ne7 32. Rc1 Rd8 33. Rd1 Nd5 34. Qe2 Ra8 35. Qc4 a5 36. Ba4 Rc8 37. Qa6 Qc7 38. Rc1 Nb4 39. Qc4 c5 40. a3 Nd5 41. Qa6 g6 42. Bb3 Rd8 43. Qb5 Rb8 44. Qa4 Qf4 45. Qxf4 Nxf4 46. g3 Nd3 47. Rc3 Nxb2 48. Bc2 c4 49. Kg2 Rd8 50. Kf3 Rd2 51. h4 e5 52. Ke3 Rd4 0-1

[Event "Florianopolis Cordioli Memorial"]
[Site "Florianopolis"]
[Date "2015.07.03"]
[Round "2"]
[White "Pimenta, Elisandro da Silva"]
[Black "Camargo, Luca Oshiro"]
[Result "1-0"]
[WhiteElo "1790"]
[BlackElo "1486"]
[PlyCount "39"]
[EventDate "2015.07.03"]
[EventType "swiss"]
[EventRounds "7"]
[EventCountry "BRA"]
[SourceTitle "EXT 2016"]
[Source "ChessBase"]
[SourceDate "2015.10.08"]
[SourceVersion "1"]
[SourceVersionDate "2015.10.08"]
[SourceQuality "1"]

1. e4 c5 2. d4 cxd4 3. c3 Nf6 4. e5 Nd5 5. Bc4 Nb6 6. Bb3 e6 7. cxd4 Nc6 8. Nf3 Be7 9. 0-0 0-0 10. Nc3 d6 11. Qe2 Bd7 12. Bf4 Qc7 13. exd6 Bxd6 14. Nb5 Qc8 15. Bxd6 Rd8 16. Ng5 h6 17. Ne4 a6 18. Bc7 axb5 19. Bxb6 Re8 20. Nd6 1-0